[Event "Candidates sf"]
[Site "Elista"]
[Date "2007.05.31"]
[Round "1.4"]
[White "Kasimdzhanov, Rustam"]
[Black "Gelfand, Boris"]
[Result "1/2-1/2"]
[WhiteElo "2677"]
[BlackElo "2733"]
[Annotator "Krasenkow,M"]
[PlyCount "95"]
[EventDate "2007.05.27"]
[EventType "k.o."]
[EventRounds "12"]
[EventCountry "RUS"]
[SourceTitle "CBM 119"]
[Source "ChessBase"]
[SourceDate "2007.08.01"]
[SourceVersion "1"]
[SourceVersionDate "2007.08.01"]
[SourceQuality "1"]

1. d4 Nf6 2. c4 e6 3. Nf3 d5 4. Nc3 dxc4 5. e4 Bb4 6. Bxc4 $5 {[%mdl 512] An
interesting but risky pawn sacrifice. The position is quite closed so White's
development advantage can't be easily exploited.} Nxe4 7. O-O (7. Qa4+ Nc6 8.
O-O Nxc3 (8... Bxc3 $5 9. bxc3 Nxc3 10. Qb3 Nd5) 9. bxc3 Bxc3 10. Rb1 Bd7 $2 (
10... O-O 11. Ba3 Nxd4) 11. Qa3 $36 {1-0 Radnic,Z-Seifert,P/Bad Zwesten 2001/
EXT 2002 (23)}) 7... Nxc3 (7... Bxc3 $6 8. bxc3 Nxc3 9. Qb3 Nd5 10. Ba3 Nc6 11.
Rfe1 Nce7 12. Bxe7 Nxe7 13. d5 exd5 14. Bxd5 O-O 15. Bxf7+ Rxf7 16. Rad1 Qf8
17. Ng5 Bg4 18. f3 Bh5 19. Rd7 (19. Ne6 $1 Qc8 20. Rd8+ Qxd8 21. Nxd8 Rxd8 22.
Rxe7 $18) 19... Nc6 {0-1 Pedersen,S-Nielsen,P/Faaborg 2007/CBM 116 ext (23)}) (
7... Nf6 8. Qa4+ Nc6 9. Ne5 Be7 10. Nxc6 (10. d5 $1 exd5 11. Nxc6 bxc6 12. Nxd5
$1 O-O 13. Qxc6 $14) 10... bxc6 11. Qxc6+ Bd7 12. Qf3 Rb8 $11 {0-1 Gustafsson,
J-Aronian,L/playchess.com INT 2004/CBM 099 ext (23)}) 8. bxc3 Be7 (8... Bxc3 9.
Rb1 Nc6 10. Qb3 Bxd4 11. Rd1 $44) 9. Ne5 (9. Qe2 Nd7 10. Rd1 c6 11. Bb3 Qc7 12.
h4 O-O 13. Bg5 Bd6 14. Qe4 Re8 15. Rd3 h6 16. Re1 c5 $17 17. Ba4 c4 18. Rde3
Qa5 19. Bxd7 Bxd7 20. Bxh6 Qh5 $1 21. Qxb7 Rad8 22. Bg5 f6 23. d5 e5 {0-1
Hillarp Persson,T-Agrest,E/Umea 2003/EXT 2004 (37)}) 9... O-O 10. Qg4 (10. Qe2
Nd7 11. Bb3 (11. Rd1 $5 {S.Kishnev}) 11... Nxe5 12. dxe5 Bd7 13. Rd1 Qe8 (13...
Qc8 $5 {[%cal Yf8d8] S.Kishnev}) 14. Qg4 Kh8 15. Bc2 Bc6 16. Rd3 Rd8 (16... f5
$5 17. exf6 gxf6 18. Rg3 Rf7 19. Bh6 f5 20. Bg7+ Kg8 21. Qd4 Bh4 $3 22. Qxh4
Rxg7 {S.Kishnev} 23. Re1 $44) 17. Rh3 g6 18. Bg5 Bxg5 19. Qxg5 Rg8 20. Qf6+ Rg7
$13 {1-0 Arbakov,V-Kishnev,S/Moscow (ch) 1989/Inf 47/[Kishnev,S] (60)}) (10. f4
$5 Nd7 11. Qf3 $5 Nb6 12. Bb3 $44 {S.Kishnev}) 10... Kh8 (10... Nc6 11. Bh6 Bf6
12. f4 Ne7 13. Rae1 c5 14. Bg5 Nf5 15. dxc5 Bxg5 16. fxg5 Qc7 17. c6 bxc6 18.
Rf3 Ba6 19. Bxa6 Qb6+ 20. Kh1 Qxa6 21. Nd7 Qxa2 (21... Rfd8 22. Nf6+ $1) 22.
Nxf8 Rxf8 $13 {1/2-1/2 Potkin,V-Kharlov,A/Sochi 2006/CBM 111 ext (57)}) 11. Qh3
Qe8 12. Bd3 f5 {Black has to weaken his pawn structure and White's
compensation for the pawn becomes more stable.} 13. Re1 Nc6 14. Nf3 Qg6 15. Rb1
Bd6 16. Rb2 b6 17. Rbe2 Bd7 18. Ng5 Rae8 19. Bb5 h6 20. Bxc6 Bxc6 21. Nxe6 {
White has regained the pawn but Black's bishop pair now compensates for his
kingside weaknesses.} Rg8 22. c4 Bd7 23. d5 Bxe6 (23... Bb4 24. Nf4 Qf6 25.
Rxe8 Rxe8 26. Rxe8+ Bxe8 27. Nd3 {[%cal Yc1b2]}) 24. Rxe6 Rxe6 25. dxe6 $2 {
[%csl Re6]} (25. Rxe6 Re8 $1 26. Bxh6 $1 {White probably didn't see this trick.
} (26. Rxe8+ $143 Qxe8 $17 {[%cal Re8e2,Re8e1]}) 26... Rxe6 (26... gxh6 $2 27.
Qc3+) 27. Bd2+ Kg8 28. dxe6 Qxe6 29. Qd3 $11) 25... Re8 26. Qe3 f4 $2 {Missing}
(26... Bc5 $1 27. Qe5 (27. Qe2 Bb4 $17) 27... Bb4 $1 28. Re2 Rd8 29. g3 Rd1+
30. Kg2 Rxc1 31. e7 Qc6+ (31... Bxe7 $143 32. Qxe7) 32. Qd5 Qxd5+ 33. cxd5 Bxe7
34. Rxe7 {[%cal Yd5d6]} a5 {and White's survival in this endgame is not
guaranteed.}) 27. Qe4 Qxe4 28. Rxe4 {[%mdl 4096]} Kh7 29. f3 (29. Bxf4 Bxf4 30.
Rxf4 Rxe6 31. Kf1 Re5 $15) 29... g5 $1 $15 {[%csl Re6]} (29... Kg6 30. Bxf4 (
30. g4 fxg3 31. hxg3 h5) 30... Bxf4 31. Rxf4 Rxe6 $11) 30. Kf2 Kg6 31. g4 Kf6
$6 {A serious positional inaccuracy. There was no reason to allow White to fix
the black pawns on dark squares.} (31... fxg3+ $142 32. hxg3 h5 $1 $15 {
[%csl Re6,Gh5]}) 32. Bb2+ Ke7 33. h4 gxh4 $6 {An unnecessary concession. After}
(33... Rg8 $5 {[%cal Rg8g6]} 34. h5 Bb4 $11 {White can't break through.}) (
33... Bc5+ $5 {[%cal Ye8d8] was even simpler:} 34. Kg2 Rd8 35. Bg7 Rd2+ 36. Kh1
(36. Kh3 $4 Bg1) 36... Rxa2 $5 (36... Rd1+ $11) 37. Bxh6 gxh4 38. Bg5+ Ke8 39.
Bxf4 $13) 34. Bg7 h3 (34... Bc5+ {is now too late:} 35. Kg2 Rd8 36. Bxh6 Rd2+
37. Kh3 Rxa2 38. Bg5+ Ke8 39. Bxf4 $16 {[%csl Gh3][%cal Yg4g5,Yg5g6]}) 35. Kg1
Bc5+ (35... Rg8 36. Bxh6 Rg6 37. Bxf4 Bxf4 38. Rxf4 Rxe6 39. Kh2 Re2+ 40. Kxh3
Rxa2 41. g5 Ra1 42. Kg4 a5 43. Kf5 $16) 36. Kh2 Rd8 37. Bxh6 Rd3 38. Kxh3 (38.
Bg5+ $142 Ke8 39. Bxf4 Rxf3 40. Bxc7 {winning a pawn and keeping pressure, e.g.
} Be3 41. a4 $1 Bg5 42. Bg3 $16) 38... Rxf3+ 39. Kh4 Re3 (39... Bd6 $5) 40.
Bg5+ Ke8 41. Rxe3 fxe3 42. Kg3 e2 43. Bd2 Ke7 44. Kf3 Kxe6 45. Kxe2 c6 46. Bf4
Be7 47. Kd3 b5 48. cxb5 1/2-1/2

[Event "EU-chT (Men) 18th"]
[Site "Porto Carras"]
[Date "2011.11.07"]
[Round "5.2"]
[White "Cheparinov, Ivan"]
[Black "Meier, Georg"]
[Result "1-0"]
[WhiteElo "2650"]
[BlackElo "2659"]
[Annotator "Krasenkow,M"]
[PlyCount "73"]
[EventDate "2011.11.03"]
[EventType "team-swiss"]
[EventRounds "9"]
[EventCountry "GRE"]
[SourceTitle "CBM 146"]
[Source "ChessBase"]
[SourceDate "2012.01.18"]
[SourceVersion "1"]
[SourceVersionDate "2012.01.18"]
[SourceQuality "1"]
[WhiteTeam "Bulgaria"]
[BlackTeam "Germany"]
[WhiteTeamCountry "BUL"]
[BlackTeamCountry "GER"]

1. d4 e6 2. c4 Nf6 3. Nf3 d5 4. Nc3 dxc4 5. e4 Bb4 6. Bxc4 Nxe4 7. O-O Nxc3 8.
bxc3 Be7 9. Ne5 O-O 10. Qg4 {This line was examined in CBM 119, annotations to
Kasimdhzanov-Gelfand.} Nc6 (10... Kh8 11. Qh3 Qe8 12. Bd3 f5 13. Re1 Nc6 14.
Nf3 Qg6 15. Rb1 Bd6 16. Rb2 b6 17. Rbe2 Bd7 18. Ng5 Rae8 19. Bb5 h6 20. Bxc6
Bxc6 21. Nxe6 $11 {1/2 Kasimdzhanov,R (2677)-Gelfand,B (2733)/Elista 2007/CBM
119/[Krasenkow] (48)}) (10... Nd7 11. Bh6 Bf6 12. Rad1 c5 13. Rd3 cxd4 14. cxd4
Re8 15. Bb5 Re7 16. Bxd7 Bxd7 $2 (16... Rxd7 $1 17. Nxd7 Bxd7 $44) 17. Rf3 Bxe5
18. dxe5 g6 19. Bg5 $16 {1-0 Kanep,M (2526)-Turova,I (2394)/Jyvaskyla 2010/CBM
137 Extra (60)}) (10... c5 $5 11. Bh6 Bf6 12. Rad1 (12. Bd3 $5 {[%cal Rg4e4]})
12... cxd4 13. cxd4 Nc6 14. Rd3 Ne7 15. Rh3 Nf5 16. Be3 g6 17. Qf3 Bg7 $17 {
1/2 Kanep,M (2531)-Kaunas,K (2258)/Riga LAT 2011/The Week in Chess 876 (36)})
11. Bh6 (11. Re1 f5 (11... Bf6 12. Bb3 (12. Nxc6 bxc6 13. Qf3 a5 14. Qxc6 Bd7
15. Qf3 Rb8 16. a4 Rb6 17. Bf4 $14 {1-0 Shchekachev,A (2528)-Klein,D (2359)/
Maastricht NED 2011/The Week in Chess 866 (53)}) 12... Ne7 $6 (12... g6) 13.
Ba3 Bd7 14. Rad1 a5 15. Nxd7 Qxd7 16. d5 $18 {1-0 Riazantsev,A (2679)
-Frolyanov,D (2610)/Olginka 2011/CBM 141 Extra (24)}) (11... Nxe5 12. dxe5 Kh8
13. Qh3 Bd7 14. Bd3 g6 15. Bh6 Rg8 16. Be4 Bc6 17. Bxc6 bxc6 18. Rad1 Qe8 19.
Be3 c5 20. Qf3 Kg7 21. Qb7 Qc8 22. Qc6 Rd8 $11 {1/2 Nyback,T (2627)-Neubauer,M
(2431)/Werder Bremen GER 2011/The Week in Chess 892 (41)}) 12. Qf3 Nxe5 13.
Rxe5 Kh8 14. Bxe6 (14. Bf4 g5 15. Bd2 Bd6 16. Re2 Qf6 17. Rae1 g4 18. Qd3 f4
19. f3 Qf5 20. Qxf5 exf5 21. Bd3 Kg8 22. c4 c5 23. Bc3 Bd7 {1/2 Riazantsev,A 
(2682)-Bauer,C (2612)/Biel 2010/CBM 137 Extra}) 14... Bd6 15. Bxc8 (15. Re2
Bxe6 16. Rxe6 Qd7 17. Re1 Rae8 18. Bd2 c6 19. c4 Bc5 20. d5 Re4 $132 {1/2
Lalith,B (2495)-Swapnil,S (2411)/Aurangabad IND 2011/The Week in Chess 884 (51)
}) 15... Bxe5 16. Bxb7 Rb8 17. a4 Bd6 18. a5 Qe8 19. Bd2 Qb5 20. a6 Qb2 21. Qd1
c5 22. Rb1 Qa2 23. Ra1 Qb2 24. Rb1 Qa2 25. Ra1 {1/2 Shulman,Y (2608)-Meier,G 
(2648)/Lubbock USA 2011/The Week in Chess 885}) 11... Bf6 12. Rae1 $146 {
[%mdl 8] A new plan in this position. Previous attempts were unsuccessful:} (
12. Rad1 Ne7 13. Rfe1 (13. Bc1 c5 14. Rd3 (14. h4 {1-0 Greenfeld,A (2557)
-Swapnil,S (2418)/Chennai 2011/CBM 140 Extra (71)} Nf5 $1 15. h5 h6 $13) (14.
Ba3 Qc7 (14... Bxe5 $5 15. dxe5 Qa5 16. Bc1 b6 {[%cal Yc8a6]}) 15. Rfe1 (15.
Qh5 Bxe5 16. dxe5 b6 17. Bd3 Ng6 18. Bc1 Bb7 $17 {0-1 Carlsen,M (2813)-Kramnik,
V (2790)/Nice 2010/CBM 135 Extra (39)}) 15... b6 16. Qh3 Ng6 17. Bd3 Bxe5 18.
Rxe5 f5 (18... Rd8 19. Rh5 h6 $17) 19. Ree1 Rf6 20. Bc1 cxd4 21. cxd4 Nf4 22.
Qg3 Nd5 $15 {0-1 Halkias,S (2600)-Morozevich,A (2694)/Khanty-Mansiysk RUS 2011/
The Week in Chess 878 (38)}) 14... cxd4 (14... Nf5 $142 15. Ba3 $140 $2 Bxe5
16. dxe5 Qa5 {[%cal Rb7b5]}) 15. cxd4 Nf5 16. Ba3 Be7 17. Bb2 Bd6 18. Rh3 g6
19. Qe4 f6 20. Nd3 Re8 21. Nc5 $44 {1-0 Halkias,S (2570)-Marjanovic,S (2480)/
Kragujevac 2009/CBM 132 Extra (38)}) 13... c5 $1 (13... Ng6 14. Bc1 c5 15. Qh5
Bxe5 16. dxe5 Qh4 17. Qxh4 Nxh4 18. Bg5 Ng6 19. h4 h6 20. h5 Nxe5 21. Rxe5 hxg5
22. Rxc5 b6 23. Rxg5 Rb8 $11 {1/2 Eljanov,P (2716)-Jakovenko,D (2760)/Jermuk
2009/CBM 132 (36)}) 14. Rd3 cxd4 15. cxd4 b5 $1 {0-1 Brynell,S (2495)-Macieja,
B (2639)/Copenhagen 2010/CBM 137 Extra (46)} 16. Bxb5 Qa5 17. Rb1 Rb8 18. Rdb3
a6 $15) (12. f4 Kh8 (12... Ne7 13. Rae1 c5 14. Bg5 Nf5 15. dxc5 Bxg5 16. fxg5
Qc7 17. c6 bxc6 18. Rf3 Ba6 19. Bxa6 Qb6+ 20. Kh1 Qxa6 21. Nd7 Qxa2 22. Nxf8
Rxf8 $13 {1/2 Potkin,V (2547)-Kharlov,A (2555)/Sochi 2006/CBM 111 ext (58)})
13. Bg5 Nxe5 14. dxe5 Bxg5 15. fxg5 Bd7 16. Rad1 Qe7 17. Rd4 Qc5 18. Qh3 Bc6
19. Bd3 g6 20. Kh1 Qxe5 $17 {0-1 Eljanov,P (2693)-Grischuk,A (2748)/Odessa
2009/CBM 130 Extra (40)}) 12... Kh8 (12... Ne7 $5 {is the most solid move here.
}) 13. Bf4 {Missing a good opportunity:} (13. Nxc6 bxc6 14. Bd3 $1 {[%cal
Yg4e4]} Re8 (14... Qd5 $2 15. Qh3 Re8 16. Bg5) 15. Qe4 g6 16. Qxc6 $14) 13...
Bxe5 (13... Ne7 {was still possible but Black has another plan in mind.}) 14.
dxe5 f5 15. Qh5 (15. exf6 Qxf6 16. Bxc7 e5 17. Qg3 Be6 $11) 15... Qe8 16. Qh4
Ne7 17. Bg5 Ng8 $6 {Too passive. White now obtains a strong kingside attack.
His compensation would be under doubt after} (17... Ng6 18. Qh5 Qf7 $1 {
[%cal Rg6e5]}) 18. Re3 b6 19. Rd1 Bb7 20. Be2 h6 21. Rg3 Be4 22. f3 Bd5 23. c4
Bb7 24. f4 Be4 25. Bh5 Qa4 26. h3 Bc6 27. Be7 Rf7 $2 (27... Qxa2 $142 28. Kh2
$36 (28. Bxf8 Rxf8 29. Rd8 Qxc4 $1 $13)) 28. Bd8 $2 (28. Rd8 $1 Rxd8 29. Bxf7
$1 {[%cal Re7d8,Re7f6]} Qd1+ 30. Kh2 Rd2 31. Bf8 Rxg2+ $8 32. Rxg2 Bxg2 33.
Kxg2 $16) 28... Be4 $2 (28... Rf8 29. Be7 Qxa2) 29. Kh2 Rd7 (29... Qe8 30. Bxc7
Qe7 31. Qxe7 Rxe7 32. Bd8 Rb7 33. Rg6 $18) (29... Rf8 30. Be7 $18) 30. Bf6 $1 {
[%mdl 64] This blow is extremely effective here.} gxf6 31. exf6 {[%cal Rf6f7]}
Qxd1 (31... Rxd1 32. Bf7 $18 {[%cal Rg3g8]}) 32. Bxd1 Rf8 33. Bh5 Nxf6 34. Be8
$1 Re7 (34... Rh7 35. Bg6) 35. Qxh6+ Nh7 36. Bg6 Rf6 37. Qh4 {[%cal Rg6h7]} 1-0

[Event "POL-ch"]
[Site "Warsaw"]
[Date "2018.05.17"]
[Round "6"]
[White "Wojtaszek, Radoslaw"]
[Black "Duda, Jan Krzysztof"]
[Result "0-1"]
[WhiteElo "2750"]
[BlackElo "2724"]
[Annotator "Krasenkow,M"]
[PlyCount "110"]
[EventDate "2018.05.12"]
[EventType "tourn"]
[EventRounds "9"]
[EventCountry "POL"]
[EventCategory "16"]
[SourceTitle "CBM 185"]
[Source "ChessBase"]
[SourceDate "2018.07.13"]
[SourceVersion "1"]
[SourceVersionDate "2018.07.13"]
[SourceQuality "1"]

1. d4 Nf6 2. c4 e6 3. Nf3 d5 4. Nc3 dxc4 5. e4 b5 $5 {A recently popular
alternative to} (5... Bb4) 6. e5 Nd5 7. Nxb5 Nb6 8. Be2 Be7 9. O-O (9. h4 $5 {
needs more research:} Nc6 (9... Ba6 10. Nc3 Nc6 11. Be3 (11. h5 $5) (11. Rh3 $5
) 11... Nb4 12. b3 O-O 13. h5 Nd3+ 14. Bxd3 cxd3 15. h6 g6 16. Ne4 Nd5 17. Bg5
f6 18. exf6 Nxf6 19. Bxf6 Bxf6 20. Nxf6+ Rxf6 $15 {0-1 (36) L'Ami,A (2342)
-Mastrovasilis,A (2538) Skopje 2016}) 10. Bg5 $6 (10. h5 $5) (10. Rh3 $5) 10...
h6 11. Bxe7 Qxe7 12. Qd2 Bb7 13. a4 a6 14. Na3 Nxa4 15. Rh3 O-O 16. Nc2 Nxb2
17. Rb1 Nd3+ 18. Bxd3 cxd3 19. Qxd3 Rab8 $17 {0-1 (47) Krysa,L (2464)-Peralta,
F (2560) Buenos Aires 2015}) 9... Nc6 (9... O-O {can lead to a transposition
but White can also try} 10. Qc2 $5 Nc6 11. Qe4 {e.g.} Bd7 $6 {1/2 (56) Mueer,S
(2222)-Poetsch,H (2507) Leipzig 2018} 12. Na3 $14) 10. Be3 {Alternatives seen
in practice:} (10. Qc2 $6 Ba6 11. Nc3 {1-0 (43) Zhou,J (2597)-Fenil,S (2326)
Kuala Lumpur 2017} Nxd4) (10. Na3 Bxa3 (10... Qd5 11. Nc2 Bb7 {1/2 (17)
Riazantsev,A (2661)-Buhmann,R (2625) Germany 2017} 12. Ne3 Qd7 (12... Qb5 $6
13. b3) (12... Qe4 13. b3 $1) 13. Nxc4 $14) 11. bxa3 Bb7 (11... O-O 12. Be3 Bb7
13. Rc1 Qd5 14. Qc2 Ne7 15. Rfd1 Rab8 16. Bf1 Nf5 17. Bxc4 Nxc4 18. Qxc4 Qe4
19. d5 {1/2 (19) Quintiliano Pinto,R (2423)-Pichot,A (2564) Montevideo URU 2018
}) 12. Be3 Ne7 13. Nd2 Ned5 14. Bf3 Nc3 15. Qc2 Bxf3 16. Nxf3 Ncd5 17. Nd2 Qe7
18. Nxc4 O-O 19. a4 Nxc4 20. Qxc4 Qa3 $11 {1/2 (41) Gajewski,G (2599)
-Wojtaszek,R (2750) Warsaw POL 2018}) (10. Nc3 O-O 11. Qd2 Bb7 12. Rd1 Nb4 13.
Rb1 Rb8 14. b3 cxb3 15. Rxb3 c5 16. dxc5 Qxd2 17. Nxd2 N6d5 18. Ba3 Bxc5 19.
Nce4 Be7 $11 {1/2 (25) Pashikian,A (2585)-Grandelius,N (2646) Batumi 2018}) (
10. b3 $5 cxb3 11. axb3 Bb7 12. Ba3 a6 (12... O-O $5) 13. Bxe7 Nxe7 14. Na3 Nf5
15. Nc2 O-O 16. Ne3 Nxe3 17. fxe3 a5 18. Qd2 c5 $6 (18... a4) 19. dxc5 Qxd2 20.
Nxd2 Nd7 21. Nc4 Nxc5 22. Rxa5 Rxa5 23. Nxa5 Bd5 $14 {0-1 (91) Faizrakhmanov,R
(2414)-Sarana,A (2510) Sochi 2017}) 10... O-O 11. Qd2 {This quiet development
is rather harmless.} (11. a3 Na5 12. Qc2 Bb7 13. Rad1 Qd7 14. Nc3 Qc6 15. Rfe1
Rfd8 16. Bf1 h6 17. Bd2 Nb3 18. Bc1 Qe8 19. Ne4 Qa4 20. Nc3 Qe8 21. Ne4 {
1/2 Anton Guijarro,D (2635)-Del Rio de Angelis,S (2511) Linares 2015}) (11. Qc2
Nb4 12. Qe4 Qd5 13. Nc3 Qxe4 14. Nxe4 Rb8 15. Rfc1 Ba6 16. Nfd2 Na4 17. Bxc4
Nxb2 18. Bxa6 Nxa6 19. Rc6 Rb6 $11 {0-1 (45) Wichmann,C (2305)-Poetsch,H (2507)
Leipzig 2018}) (11. Rc1 Ba6 12. Nc3 Nb4 13. b3 cxb3 14. Bxa6 b2 15. Rb1 Nxa6
16. Qe2 (16. Rxb2 Nb4 17. Nd2 N4d5 18. Nxd5 Qxd5 19. Rc2 Rac8 20. Qe2 c5 $11 {
1/2 (31) Sychev,K (2453)-Grandelius,N (2643) Tallinn 2016}) 16... Nb4 17. Rxb2
N4d5 18. Nxd5 Nxd5 19. Rc2 Rb8 20. Bd2 Qd7 $11 {1/2 (63) Pavlidis,A (2380)
-Mastrovasilis,A (2541) Achaea 2016}) (11. Nd2 Ba6 (11... a6 $5) 12. a4 Bxb5
13. axb5 Nxd4 14. Nxc4 Nf5 $11 (14... Nxe2+ 15. Qxe2 Qd5 16. Na5 Qxe5 17. Nc6
Qd6 18. Rac1 Nd5 19. Rfd1 Rfe8 20. Bc5 Qxc5 21. Rxc5 Bxc5 22. g3 $16 {1/2 (38)
Nihal,S (2349)-Del Rio de Angelis,S (2541) Port de Pollenca 2016})) (11. a4 Ba6
(11... Na5 $5) 12. Rc1 (12. Nd2 {- 11.Nd2}) 12... Nb4 13. Nd2 c6 14. Nc3 Rb8
15. a5 N6d5 16. Nxc4 c5 $11 {1/2 (47) Babula,V (2552)-Plischki,S (2373)
Teplice 2017}) (11. Qc1 $5 {is probably the most cunning move:} Rb8 $5 {
probably better than the obvious} (11... Ba6 12. Nc3 (12. a4 Qd7 13. Rd1 Na5
14. Nd2 Bxb5 15. axb5 Qxb5 16. Qc2 c5 17. Qc3 cxd4 18. Rxa5 dxc3 19. Rxb5 cxd2
20. Rxd2 Rfc8 21. Rc2 $11 {1/2 (56) Ebeling,D (2465)-Gharamian,T (2626)
Heraklio 2017}) 12... Bb7 (12... Nb4 $5) 13. Rd1 $14 Rb8 $2 (13... Nb4) 14. d5
$1 Nb4 15. dxe6 Qe8 16. exf7+ Qxf7 {0-1 (37) Wang,Y (2737)-Mareco,S (2606)
Baku 2016 CBM 175 [Ftacnik,L]} 17. Qb1 $16) 12. Nc3 Nb4 13. Rd1 Bb7 14. b3 cxb3
15. axb3 a6 16. Nd2 N6d5 17. Nxd5 Qxd5 18. Bf3 Qd8 19. Bxb7 Rxb7 $11 {1/2 (46)
Real de Azua,E (2478)-Flores,D (2568) Buenos Aires 2017}) 11... Rb8 12. Rfd1
Bb7 (12... Nb4 13. b3 a6 14. Nc3 cxb3 15. axb3 N4d5 $11 {1/2 (29) Deac,B (2559)
-Volokitin,A (2668) Calimanesti Caciulata 2016}) 13. b3 a6 14. Nc3 cxb3 15.
axb3 Nb4 $11 {Black has obtained a comfortable position controlling the
d5-square.} 16. Bg5 {Hardly a good decision. White has more space so exchanges
are rather unfavourable for him.} (16. Rac1 $11) 16... Nd7 17. Qf4 (17. Na4 $5)
17... c5 18. Rac1 cxd4 19. Bxe7 Qxe7 20. Rxd4 Bxf3 21. Bxf3 Nc5 {[%csl Rb3,Re5]
} 22. Rcd1 Nbd3 {Black goes for an interesting position with R+P vs B+N.
Usually, when queens are on the board, two pieces are much stronger than the
rook but here White has no active play.} (22... a5 $5 {was possible, too.}) 23.
R4xd3 Nxd3 24. Rxd3 Rxb3 25. Bd1 (25. g3 $5) 25... Qb4 26. Qxb4 (26. Qd2 $5 Rb2
27. Qe3 {although White will hardly be able to avoid exchanges.}) 26... Rxb4
27. g3 a5 28. h4 Rc8 29. Kg2 Kf8 30. f4 Ke7 31. Kf3 Rcc4 32. Ke3 h6 33. h5 Ke8
34. Bc2 Kf8 35. Bd1 Ke7 36. Bc2 Rc7 37. Bd1 Rcc4 38. Bc2 Rc7 39. Bd1 Rd7 $1 40.
Rxd7+ Kxd7 {[%mdl 4096]} 41. g4 Ke7 42. f5 $6 {This break opens the way for
Black's king.} (42. g5 $142 {, and White should not lose.}) 42... Rc4 43. Na4 (
{or} 43. Kd3 Rb4 44. Ke3 f6 {etc.}) 43... Rc1 44. Kd2 Rc8 45. Ke3 Rc1 46. Kd2
Rc7 47. Ke3 f6 $1 48. exf6+ Kxf6 49. fxe6 Kxe6 50. Nb2 $2 (50. Nb6 $1 {was now
the only defence. White holds on by very subtle play:} Ke5 51. Be2 {[%cal
Rb6c4]} Ra7 (51... Rc3+ 52. Bd3 Ke6 53. Nc4 a4 54. Kd2 Rb3 55. Bc2 Rg3 56. Bxa4
Rxg4 57. Bd7+ $1) 52. Bd1 Kf6 53. Kd4 Kg5 54. Kc3 $1 Re7 55. Nc4 {,
consequently attacking Black's a5 pawn.}) 50... Kf6 51. Nd3 Kg5 52. Ne5 Rc1 53.
Kd2 Rc5 54. Nd3 Rc4 55. Ne5 Re4 {White resigns. Black gives up his rook for
White's bishop and g4 pawn, at the same time keeping his a-pawn. White's
knight will not be able to fight against Black's three pawns.} (55... Re4 56.
Nd3 Rxg4 57. Bxg4 Kxg4 $19) 0-1

[Event "EU-ch 11th"]
[Site "Rijeka"]
[Date "2010.03.08"]
[Round "3"]
[White "Halkias, Stelios"]
[Black "Fressinet, Laurent"]
[Result "1-0"]
[WhiteElo "2580"]
[BlackElo "2670"]
[Annotator "Krasenkow,M"]
[PlyCount "103"]
[EventDate "2010.03.06"]
[EventType "swiss"]
[EventRounds "11"]
[EventCountry "CRO"]
[SourceTitle "CBM 136"]
[Source "ChessBase"]
[SourceDate "2010.05.18"]
[SourceVersion "1"]
[SourceVersionDate "2010.05.18"]
[SourceQuality "1"]

1. d4 Nf6 2. Nf3 d5 3. c4 e6 4. Nc3 dxc4 5. e4 Bb4 6. Bxc4 Nxe4 7. O-O {
This gambit was examined in CBM 119, annotations to Kasimdzhanov - Gelfand.}
Nf6 (7... Nxc3 8. bxc3 Be7 {is Black's most common defence.}) 8. Qa4+ (8. Bg5
$5 O-O 9. Qe2 h6 10. Bh4 Be7 11. Rad1 Nbd7 12. Ne5 Nb6 13. Bd3 Nfd5 14. Bg3 f5
15. h3 Bd6 16. Rfe1 Qg5 17. Qf3 $44 {1-0 Mamedyarov,S (2719)-Kramnik,V (2772)/
Moscow 2009/EXT 2010 (48)}) 8... Nc6 9. Ne5 Rb8 $1 $146 (9... Be7 10. d5 $5 (
10. Nxc6 bxc6 11. Qxc6+ Bd7 12. Qf3 Rb8 13. Bb3 O-O 14. Bf4 Bd6 $11 {0-1
Gustafsson,J (2572)-Aronian,L (2648)/playchess.com INT 2004/CBM 099 ext (23)})
10... exd5 11. Nxc6 bxc6 12. Nxd5 $1 O-O 13. Nxe7+ Qxe7 14. Bg5 $14) 10. Nxc6 (
10. Bb5 O-O 11. Bxc6 $140 bxc6 12. Nxc6 Bd7 $1 $15) 10... bxc6 11. Qxc6+ Qd7
12. Qxd7+ Bxd7 $11 13. Bg5 O-O 14. Rfc1 Ba5 15. Rab1 Rfd8 16. Bb3 $6 (16. a3
$11) 16... Bc6 17. Rd1 Rd7 18. Rbc1 h6 19. Be3 Bb6 20. h3 Rbd8 21. Ne2 Bb5 22.
Nc3 c6 23. a4 Ba6 24. Na2 Bb7 25. Nb4 Rd6 26. Nd3 Bxd4 {Black has won a pawn
but White's drawing chances are significant.} 27. Bf4 R6d7 28. Ne5 Bxe5 29.
Bxe5 Nd5 30. a5 f6 31. Bg3 Kf7 32. Re1 Rc8 (32... g5 $5) 33. Bc4 a6 34. Rcd1 g5
{Too late! White now obtains counterplay.} 35. Be2 $1 c5 $4 {[%mdl 8192]} (
35... f5 $1 36. Bh5+ Ke7) 36. Bh5+ Ke7 (36... Kg7 $142 37. Rxe6 $16 {[%csl Ra6,
Rc5,Gg3,Gh5]}) 37. Rxe6+ $1 {[%mdl 64]} Kxe6 38. Re1+ Kf5 (38... Ne3 39. Rxe3+
Kd5 40. Rd3+ Ke6 41. Bg4+ f5 42. Bxf5+ Kxf5 43. Rxd7 Bc6 44. Rd6 $18 {_|_}) 39.
Bh2 {[%cal Rg2g4]} g4 40. Bxg4+ Kg6 41. Bxd7 {It is now White who has an extra
pawn, plus a strong bishop pair. The rest is clear.} Rd8 42. Be8+ Kg7 43. Bh5
c4 44. Bg4 Bc6 45. Bg3 Kg6 46. Rd1 Re8 47. Rd4 h5 48. Bf3 Nb4 49. Rxc4 Re1+ 50.
Kh2 Bxf3 51. Rxb4 (51. gxf3 $142 Nd3 52. Rc6 $18) 51... Bc6 (51... Bd5 $142 {
and Black can still resist:} 52. Rb6 Re6 53. Bd6 Bc4) 52. Rb6 (52. Rb6 Bb5 53.
Bh4) 1-0